Potenciál technologického a inovačného rozvoja regiónov Slovenskej republiky

Ekonomická výkonnosť a inovačný potenciál regiónov Slovenskej republiky. Predpoklady technologického a inovačného rozvoja regiónov Slovenskej republiky.

Enregistré dans:
Détails bibliographiques
Auteur principal: Kačírková, Mária
Format: Chapitre de livre
Langue:slovaque
Sujets:
Tags: Ajouter un tag
Pas de tags, Soyez le premier à ajouter un tag!

MARC

LEADER 00000naa$a2200000$$$4500
001 0053412
005 20230918090253.7
041 0 |a slo 
044 |a SK 
245 1 0 |a Potenciál technologického a inovačného rozvoja regiónov Slovenskej republiky  |c Mária Kačírková 
520 |a Ekonomická výkonnosť a inovačný potenciál regiónov Slovenskej republiky. Predpoklady technologického a inovačného rozvoja regiónov Slovenskej republiky. 
610 2 0 |a politika regionálna 
610 2 0 |a rozvoj regionálny 
610 2 0 |a rozvoj technický 
610 2 0 |a Slovensko 
610 2 0 |a stratégia inovačná 
610 2 0 |a výkonnosť ekonomiky 
610 2 0 |a potenciál vedeckotechnický 
610 2 0 |a diferenciácia regionálna 
610 2 0 |a disparita 
100 1 |a Kačírková, Mária